Maza Ganesha (Record no. 358062)

MARC details
000 -LEADER
fixed length control field 00433nam a22001697a 4500
005 - DATE AND TIME OF LATEST TRANSACTION
control field 20250217152345.0
008 - FIXED-LENGTH DATA ELEMENTS--GENERAL INFORMATION
fixed length control field 240603b |||||||| |||| 00| 0 eng d
041 ## - LANGUAGE CODE
Language code of text/sound track or separate title Marathi
082 ## - DEWEY DECIMAL CLASSIFICATION NUMBER
Classification number 891.46
Item number NIR
100 ## - MAIN ENTRY--PERSONAL NAME
Author Nirgudkar S
245 ## - TITLE STATEMENT
Title Maza Ganesha
260 ## - PUBLICATION, DISTRIBUTION, ETC.
Place of publication, distribution, etc. Mumbai
Name of publisher, distributor, etc. Navachitanyha Prkashan
Date of publication, distribution, etc. 2014
300 ## - PHYSICAL DESCRIPTION
Extent 156p
Other physical details Pb
Dimensions 21.5 x 14
365 ## - TRADE PRICE
Price type code INR
Price amount 1.00
Currency code Rupaye
500 ## - GENERAL NOTE
Keywords Marathi Literature
942 ## - ADDED ENTRY ELEMENTS (KOHA)
Koha item type Donated Book
Holdings
Withdrawn status Lost status Source of classification or shelving scheme Damaged status Not for loan Home library Current library Date acquired Vendor Net Price Full call number Barcode Date last seen Actual Price Bill Date Koha item type
    Dewey Decimal Classification     Dr. Bhanuben Nanavati College of Architecture Dr. Bhanuben Nanavati College of Architecture 03/06/2024 Kashyap Sir 1.00 891.46 NIR BNCA-DB-2001 03/06/2024 1.00 03/06/2024 Donated Book